[Event "Tourn. n9156"]
[Site "www.chess-mail.com"]
[Date "2017.03.21"]
[Round "1"]
[White "Giampaolo"]
[Black "Sachpat"]
[WhiteElo "2490"]
[BlackElo "2580"]
[Result "0-1"]
[Round "1"]
1.d4 Ng8f6
2.c4 e6
3.Nb1c3 Bf8b4
4.Qd1c2 O-O
5.Bc1f4 d6
6.e3 Nb8d7
7.Ng1f3 Rf8e8
8.Ra1d1 Qd8e7
9.h3 e5
10.dxe5 dxe5
11.Bf4h2 a5
12.Bf1e2 Bb4xc3
13.Qc2xc3 Qe7b4
14.Qc3xb4 axb4
15.Rd1a1 b3
16.a3 Nf6e4
17.O-O f6
18.Rf1d1 Nd7c5
19.g4 Nc5a4
20.Nf3d2 Ne4c5
21.Ra1b1 Bc8e6
22.f3 Ra8d8
23.Bh2g3 Rd8d7
24.Kf1 Re8d8
25.Ke1 Nc5d3
26.Be2xd3 Rd7xd3
27.e4 c5
28.Bg3f2 Rd8d7
29.h4 b5
30.cxb5 c4
31.b6 Na4xb2
32.Rb1xb2 c3
33.Rb2b1 b2
{ resign }
0-1

[Event "Tourn. n9256"]
[Site "www.chess-mail.com"]
[Date "2017.03.21"]
[Round "1"]
[White "Milkyway"]
[Black "Roque1"]
[WhiteElo "1970"]
[BlackElo "1830"]
[Result "0-1"]
[Round "1"]
1.c4 e6
2.d4 Ng8f6
3.Nb1c3 Bf8b4
4.e3 d5
5.Bc1d2 b6
6.Ng1f3 O-O
7.cxd5 Nf6xd5
8.Nc3xd5 Bb4xd2
9.Qd1xd2 Qd8xd5
10.Bf1e2 Bc8b7
11.O-O Nb8d7
12.b3 Nd7f6
13.Be2c4 Qd5h5
14.h3 { time. }
0-1

[Event "Tourn. n9282"]
[Site "www.chess-mail.com"]
[Date "2017.03.21"]
[Round "1"]
[White "Mechjoura"]
[Black "Picifarkinca"]
[WhiteElo "1809"]
[BlackElo "1920"]
[Result "0-1"]
[Round "1"]
1.e4 e5
2.Ng1f3 Ng8f6
3.Nf3xe5 d6
4.Ne5f3 Nf6xe4
5.d3 Ne4f6
6.Bc1g5 Bf8e7
7.Nb1c3 O-O
8.Bf1e2 Nb8c6
 { time }
0-1

[Event "Tourn. n9275"]
[Site "www.chess-mail.com"]
[Date "2017.03.21"]
[Round "1"]
[White "Milkyway"]
[Black "Orhany24"]
[WhiteElo "1960"]
[BlackElo "2190"]
[Result "0-1"]
[Round "1"]
1.d4 d5
2.c4 dxc4
3.e4 e5
4.Ng1f3 exd4
5.Qd1xd4 Qd8xd4
6.Nf3xd4 Bf8c5
7.Bc1e3 Ng8f6
8.Nb1d2 O-O
9.Bf1xc4 Bc5b4
10.f3 a6
11.a3 { time. }
0-1

[Event "Tourn. n9120"]
[Site "www.chess-mail.com"]
[Date "2017.03.21"]
[Round "1"]
[White "Genius3"]
[Black "Caspito"]
[WhiteElo "1860"]
[BlackElo "1880"]
[Result "0-1"]
[Round "1"]
1.d4 Ng8f6
2.c4 g6
3.Nb1c3 c6
4.e4 d6
5.Bf1e2 Bf8g7
6.Ng1f3 O-O
7.O-O a6
8.h3 Bc8xh3
9.Bc1e3 Bh3d7
10.Qd1c2 Nf6g4
11.Rf1e1 e5
12.dxe5 Bg7xe5
13.Nf3xe5 Ng4xe3
14.fxe3 dxe5
15.Ra1d1 Qd8g5
16.Qc2d2 Bd7h3
17.Be2f1 a5
18.Kh1 Bh3g4
19.Bf1e2 Qg5h4
20.Kg1 Nb8a6
21.Be2xg4 Qh4xg4
22.Qd2f2 Na6c5
23.Qf2f3 Qg4xf3
24.gxf3 g5
25.Kf2 f6
26.Rd1d2 Kg7
27.Re1d1 Kg6
28.Rd2d6 h5
29.a3 Nc5b3
30.Rd6d7 Ra8b8
31.Rd7c7 f5
32.Rd1d6 Rf8f6
33.Rd6xf6 Kxf6
34.exf5 Kxf5
35.e4 Kf6
36.Rc7d7 h4
37.Rd7d6 Ke7
38.Rd6g6 Rb8f8
39.Rg6xg5 Nb3d4
40.Rg5xe5 Kf7
41.Ke3 Nd4e6
42.Re5h5 Ne6g7
43.Rh5xh4 Ke7
44.Rh4h7 Kf6
45.f4 Kg6
46.Rh7h3 Rf8f7
47.Rh3g3 Kh6
48.f5 Ng7e8
49.Rg3g6 Kh5
50.Kf4 Rf7f6
51.Rg6xf6 Ne8xf6
52.e5 Nf6g8
53.Nc3e4 Kh6
54.e6 Kg7
55.Ke5 Kf8
56.f6 b5
57.cxb5 cxb5
58.Ne4d6 b4
59.e7 { time. }
0-1

[Event "Tourn. n9211"]
[Site "www.chess-mail.com"]
[Date "2017.03.21"]
[Round "1"]
[White "Pdebonis"]
[Black "Greghghs"]
[WhiteElo "2330"]
[BlackElo "2440"]
[Result "1/2-1/2"]
[Round "1"]
1.e4 c6
2.d4 d5
3.e5 Bc8f5
4.Ng1f3 e6
5.Bf1e2 c5
6.O-O Nb8c6
7.c3 cxd4
8.cxd4 Ng8e7
9.Nb1c3 Ne7c8
10.Bc1e3 Nc8b6
11.Nf3e1 Bf8b4
12.Ne1d3 Bb4xc3
13.bxc3 O-O
14.Nd3c5 Nc6a5
15.Qd1c1 Nb6c4
16.Be3g5 Qd8c7
17.g4 Bf5g6
18.h4 h6
19.Bg5xh6 gxh6
20.Qc1xh6 Nc4xe5
21.h5 Bg6e4
22.Qh6g5 Kh7
23.Qg5xe5 Qc7xe5
24.dxe5 Rf8c8
25.Nc5xe4 dxe4
26.f4 exf3
27.Rf1xf3 Rc8c7
28.Ra1f1 Kg7
29.g5 Ra8g8
30.Kf2 Na5c6
31.Rf3e3 Kh8
32.Rf1g1 Rc7d7
33.Kf3 Nc6e7
34.Kg4 Rd7d2
35.Be2f3 Rd2xa2
36.Bf3xb7 Ne7f5
37.Re3d3 Ra2a4
38.Kf3 Ra4h4
39.Bb7e4 a5
40.Be4xf5 exf5
41.Rd3d4 Rh4xh5
42.Rd4d7 Rh5xg5
43.Rg1xg5 Rg8xg5
44.Kf4 Rg5g1
45.Rd7xf7 { draw }
1/2-1/2

[Event "Tourn. n9169"]
[Site "www.chess-mail.com"]
[Date "2017.03.21"]
[Round "1"]
[White "Esperanza"]
[Black "Piriot"]
[WhiteElo "2080"]
[BlackElo "2139"]
[Result "0-1"]
[Round "1"]
1.e4 e5
2.Ng1f3 Ng8f6
3.Nf3xe5 d6
4.Ne5f3 Nf6xe4
5.d4 d5
6.Bf1d3 Nb8c6
7.O-O Bf8e7
8.c4 Nc6b4
9.Nb1c3 Nb4xd3
10.Qd1xd3 Ne4xc3
11.bxc3 O-O
12.cxd5 Qd8xd5
13.Rf1e1 Be7f6
14.Nf3e5 Rf8d8
15.Bc1f4 Bc8e6
16.h3 c5
 { time }
0-1

[Event "Tourn. n9274"]
[Site "www.chess-mail.com"]
[Date "2017.03.21"]
[Round "1"]
[White "Luban"]
[Black "Darko10"]
[WhiteElo "2230"]
[BlackElo "2710"]
[Result "0-1"]
[Round "1"]
1.d4 Ng8f6
2.c4 e6
3.a3 d5
4.e3 Bf8e7
5.Nb1c3 O-O
6.Ng1f3 b6
7.Bf1d3 dxc4
8.Bd3xc4 Bc8b7
9.O-O c5
10.Bc4e2 cxd4
11.Qd1xd4 Qd8c8
12.Nf3e5 Rf8d8
13.Qd4f4 Nb8a6
14.Be2f3 Be7d6
15.Bf3xb7 Qc8xb7
16.Qf4f3 Qb7c7
17.Nc3b5 Qc7c5
18.Nb5xd6 Qc5xe5
19.Nd6c4 Qe5b5
20.Nc4d6 Qb5d7
21.Nd6c4 Na6c5
22.Nc4e5 Qd7d6
23.Ne5c4 Qd6c7
{ resign }
0-1

[Event "Tourn. n9273"]
[Site "www.chess-mail.com"]
[Date "2017.03.21"]
[Round "1"]
[White "Sozaro"]
[Black "Azulmarino"]
[WhiteElo "1699"]
[BlackElo "1490"]
[Result "1-0"]
[Round "1"]
1.Ng1f3 d5
2.d4 Nb8c6
3.c4 Bc8f5
4.cxd5 Nc6b4
5.Qd1a4 Nb4c6
6.dxc6 b6
7.Nb1c3 Ng8f6
8.Nf3h4 Bf5e6
9.e4 Be6g4
10.h3 Qd8d6
11.hxg4 Nf6xg4
12.Bf1e2 h5
13.Nc3d5 e6
14.Bc1f4 Qd6d8
15.Nd5xc7 Ke7
16.Qa4a3 Qd8d6
17.Qa3xd6 { resign }
1-0

[Event "Tourn. n9174"]
[Site "www.chess-mail.com"]
[Date "2017.03.21"]
[Round "1"]
[White "Julian"]
[Black "Milkyway"]
[WhiteElo "2040"]
[BlackElo "1920"]
[Result "1-0"]
[Round "1"]
1.e4 e6
2.d4 d5
3.e5 c5
4.c3 Nb8c6
5.f4 cxd4
6.cxd4 Bf8b4
7.Nb1c3 Bc8d7
8.Ng1f3 Ng8e7
9.Bf1d3 Ne7g6
10.O-O Bb4xc3
11.bxc3 O-O
12.g4 a6
13.f5 Ng6h4
14.Nf3xh4 Qd8xh4
15.Qd1f3 f6
16.Bc1f4 fxe5
17.Bf4g3 Qh4h6
18.dxe5 exf5
19.gxf5 Nc6e7
20.Rf1f2 Bd7xf5
21.Bd3xf5 Rf8xf5
22.Qf3d3 Rf5xf2
23.Kxf2 Ra8f8
24.Kg2 Qh6c6
25.Kg1 Qc6c5
26.Kg2 Ne7f5
27.Ra1f1 Nf5xg3
28.Rf1xf8 Kxf8
29.hxg3 b5
{ time. }
1-0

[Event "Tourn. n9281"]
[Site "www.chess-mail.com"]
[Date "2017.03.21"]
[Round "1"]
[White "Chessington"]
[Black "Llcervello"]
[WhiteElo "1499"]
[BlackElo "1580"]
[Result "1-0"]
[Round "1"]
1.Ng1f3 d5
2.c4 Ng8f6
3.cxd5 Qd8xd5
4.Nb1c3 Qd5d7
5.d4 h6
6.e4 c6
7.Bf1d3 e6
8.O-O b5
9.Bc1e3 b4
10.Nc3a4 Bc8a6
11.Bd3xa6 Nb8xa6
12.Nf3e5 Qd7d6
13.Be3f4 Rh8h7
14.Bf4g3 Nf6xe4
15.Qd1d3 Qd6d5
16.Qd3xa6 Ra8c8
17.Qa6xc8 Qd5d8
18.Qc8xc6 Ke7
19.Qc6b7 Kf6
20.Qb7xf7 Kg5
21.f4 
1-0

[Event "Match"]
[Site "www.echecsemail.com"]
[Date "2017.03.21"]
[Round "1"]
[White "Pwain"]
[Black "Manolinex"]
[WhiteElo "2400"]
[BlackElo "2890"]
[Result "0-1"]
[Round "1"]
1.e4 e6
2.d4 d5
3.Nb1c3 Ng8f6
4.e5 Nf6d7
5.f4 c5
6.Ng1f3 Nb8c6
7.Bc1e3 Bf8e7
8.Bf1e2 O-O
9.Qd1d2 a6
10.O-O b5
11.a3 Bc8b7
12.Ra1d1 Ra8c8
13.dxc5 Be7xc5
14.Be3xc5 Nd7xc5
15.Qd2e3 Qd8b6
16.Qe3f2 b4
17.axb4 Nc6xb4
18.Rd1c1 a5
19.Nf3d4 Nc5e4
20.Nc3xe4 dxe4
21.c3 Nb4c6
22.Nd4xc6 Rc8xc6
23.Qf2xb6 Rc6xb6
24.Rc1b1 a4
25.Kf2 Bb7d5
26.c4 Bd5c6
27.Rf1d1 Rb6b4
28.Rd1d6 Rf8c8
29.Rb1d1 h6
30.Rd6d8 Rc8xd8
31.Rd1xd8 Kh7
32.Rd8d6 Bc6b7
33.Rd6d2 Rb4b3
34.Rd2c2 e3
35.Kf1 a3
{ resign }
0-1

[Event "Match"]
[Site "www.echecsemail.com"]
[Date "2017.03.21"]
[Round "1"]
[White "Chapi"]
[Black "Coraza"]
[WhiteElo "2060"]
[BlackElo "1760"]
[Result "1-0"]
[Round "1"]
1.d4 d5
2.c4 Bc8f5
3.cxd5 Qd8xd5
4.Nb1c3 Qd5a5
5.Bc1d2 Qa5b6
6.Nc3d5 Qb6d6
7.Qd1b3 Bf5e6
8.Qb3xb7 Be6xd5
9.Qb7c8 Qd6d8
10.Qc8xd8 Kxd8
11.f3 Ng8f6
12.e4 Bd5xe4
13.fxe4 Nf6xe4
14.Bd2f4 g5
15.Bf1d3 Ne4f6
16.Bf4xg5 Nf6d7
17.Bd3e4 c6
18.Ra1c1 f6
19.Bg5d2 e5
20.Ng1f3 a6
21.Be4xc6 Ra8a7
22.O-O a5
23.dxe5 Bf8c5
24.Kh1 Nb8xc6
25.e6 Nd7f8
26.Rc1xc5 Ra7a6
27.Bd2c3 Ke7
28.Nf3g5 Rh8g8
29.Bc3xf6 Kd6
30.Rf1c1 Nc6b8
31.Bf6e5 Ke7
32.Rc5c7 Nf8d7
33.exd7 Nb8xd7
34.Ng5xh7 Ra6g6
35.g3 Ke6
36.Be5f4 Rg6g7
37.Rc1c6 Kd5
38.Rc6d6 Ke4
39.Rd6xd7 Rg7g6
40.h4 Rg6b6
41.h5 Rb6xb2
42.Nh7f6 Kf3
43.Nf6xg8 Rb2b1
44.Kh2 Rb1b2
45.Kh3 Rb2b1
46.Rd7d3 Ke4
47.Rd3e3 { resign }
1-0

[Event "Match"]
[Site "www.echecsemail.com"]
[Date "2017.03.21"]
[Round "1"]
[White "Llord"]
[Black "Milkyway"]
[WhiteElo "1930"]
[BlackElo "1920"]
[Result "0-1"]
[Round "1"]
1.e4 c5
2.Bf1c4 e6
3.Ng1f3 d6
4.O-O Ng8f6
5.d3 Bf8e7
6.Nb1c3 Nb8c6
7.Bc1g5 O-O
8.Bg5f4 d5
9.exd5 exd5
10.Bc4b3 d4
11.Nc3b5 Bc8g4
12.h3 Bg4xf3
13.Qd1xf3 a6
14.Nb5c7 Ra8c8
15.Nc7e6 fxe6
16.Bb3xe6 Kh8
17.Be6xc8 Qd8xc8
18.Rf1e1 Qc8d7
19.Qf3g3 Nf6h5
20.Qg3f3 Nh5xf4
21.Re1e4 Nf4d5
22.Qf3e2 Be7f6
23.Ra1e1 h6
24.c4 dxc3
25.Re1b1 cxb2
26.Re4c4 Nc6d4
27.Qe2d2 Rf8e8
28.Kh1 b6
29.Qd2xb2 Re8e2
30.Qb2c1 Bf6g5
31.Qc1d1 Re2xf2
32.Qd1e1 Rf2xa2
33.Kg1 Bg5e3
34.Kh1 Nd4f3
35.Qe1g3 Nf3d2
36.Rb1e1 Nd2xc4
37.dxc4 Nd5f4
38.Re1xe3 Nf4xg2
39.Re3d3 Qd7c6
40.Rd3d8 Kh7
41.Qg3d3 Qc6g6
42.Qd3xg6 Kxg6
43.Rd8d6 Kf5
44.Rd6xb6 Ng2h4
45.Rb6c6 Nh4f3
{ resign }
0-1

[Event "Match"]
[Site "www.echecsemail.com"]
[Date "2017.03.21"]
[Round "1"]
[White "Robinjut"]
[Black "Llcervello"]
[WhiteElo "1530"]
[BlackElo "1590"]
[Result "1-0"]
[Round "1"]
1.e4 e5
2.Ng1f3 Bf8d6
3.Bf1d3 Ng8f6
4.h3 O-O
5.O-O g6
6.Nb1c3 c6
7.a3 a5
8.a4 Bd6b4
9.b3 Bb4xc3
10.dxc3 h6
11.Qd1d2 d6
12.Qd2xh6 Nf6h7
13.Nf3g5 f6
14.Qh6xh7 
1-0

[Event "Match"]
[Site "www.echecsemail.com"]
[Date "2017.03.21"]
[Round "1"]
[White "Raulazo"]
[Black "Aiko1603"]
[WhiteElo "1830"]
[BlackElo "1900"]
[Result "0-1"]
[Round "1"]
1.e4 c5
2.Ng1f3 Nb8c6
3.Bf1c4 g6
4.Nf3g5 Nc6e5
5.Qd1e2 Bf8g7
6.Bc4xf7 Ne5xf7
7.Ng5xf7 Kxf7
8.Qe2f3 Ke8
9.O-O e6
10.c3 Ng8e7
11.d4 cxd4
12.cxd4 Rh8f8
13.Qf3c3 Rf8f7
14.Bc1g5 Qd8b6
15.Nb1d2 Bg7xd4
16.Qc3b3 Qb6xb3
17.Nd2xb3 Bd4xb2
18.Ra1b1 Bb2g7
19.Nb3a5 b6
20.Na5c4 Rf7f8
21.Nc4d6 Kd8
22.Rb1d1 Bg7e5
23.Nd6c4 Be5c7
24.Bg5h6 Rf8f7
25.Bh6g5 Ke8
26.a4 Bc8a6
27.Rd1c1 d5
28.exd5 exd5
29.Rf1e1 Ba6xc4
30.g3 Kf8
31.Bg5h6 Kg8
32.Bh6g5 Ne7f5
33.g4 Nf5d4
34.Kg2 Ra8f8
35.Bg5e3 Nd4f3
36.Re1d1 Nf3xh2
37.Rd1h1 Nh2xg4
38.Rh1h4 Ng4xe3
39.fxe3 Rf7f2
40.Kh3 Rf8f3
41.Kg4 h5
42.Kg5 Kg7
43.Rc1g1 Bc7d8

0-1

[Event "1/8 Finale"]
[Site "www.chess-mail.com"]
[Date "2017.03.21"]
[Round "1"]
[White "Szustan"]
[Black "Vega"]
[WhiteElo "2640"]
[BlackElo "2590"]
[Result "1/2-1/2"]
[Round "1"]
1.e4 e5
2.Ng1f3 Nb8c6
3.Nb1c3 Ng8f6
4.d4 exd4
5.Nc3d5 Nf6xe4
6.Qd1e2 f5
7.Nf3g5 d3
8.cxd3 Nc6d4
9.Qe2h5 g6
10.Qh5h4 c6
11.dxe4 cxd5
12.exd5 Bf8g7
13.Kd1 h6
14.Ng5f3 Nd4xf3
15.Qh4xd8 Kxd8
16.gxf3 Bg7d4
17.Rh1g1 g5
18.f4 g4
19.Bc1e3 Bd4xb2
20.Ra1b1 Bb2g7
21.h3 h5
22.f3 d6
23.fxg4 hxg4
24.hxg4 fxg4
25.Bf1e2 b6
26.Be2xg4 Bc8xg4
27.Rg1xg4 Bg7f6
28.Rb1b4 Ke7
29.Rb4e4 Kf7
30.Re4e6 Ra8d8
31.f5 Rh8h5
32.Ke2 Rd8d7
33.Kf3 Rd7c7
34.Rg4e4 Rh5xf5
35.Re4f4 Rf5xf4
36.Be3xf4 Rc7c3
37.Kg4 Bf6e7
38.Bf4xd6 Be7xd6
39.Re6xd6 Rc3a3
40.Kf5 { draw }
1/2-1/2

[Event "1/128 Finale"]
[Site "www.chess-mail.com"]
[Date "2017.03.21"]
[Round "1"]
[White "Autmich"]
[Black "Bluetealeaf"]
[WhiteElo "1710"]
[BlackElo "1730"]
[Result "1-0"]
[Round "1"]
1.e4 e5
2.Ng1f3 f6
3.Nf3xe5 Qd8e7
4.Ne5f3 Qe7xe4
5.Bf1e2 Nb8c6
6.O-O d6
7.Be2b5 Bc8d7
8.Rf1e1 Qe4xe1
9.Qd1xe1 Bf8e7
10.d4 a6
11.Bb5a4 b5
12.Ba4b3 h5
13.Bc1f4 g5
14.Bb3xg8 Rh8xg8
15.Bf4d2 g4
16.Nf3h4 Nc6xd4
17.Nb1a3 b4
18.Bd2xb4 Ra8b8
19.Bb4c3 c5
20.Bc3xd4 cxd4
21.Na3c4 f5
22.Nc4xd6 Kd8
23.Qe1a5 { resign }
1-0

[Event "Tourn. n9221"]
[Site "www.chess-mail.com"]
[Date "2017.03.22"]
[Round "1"]
[White "Picifarkinca"]
[Black "Genius7"]
[WhiteElo "1800"]
[BlackElo "1890"]
[Result "1-0"]
[Round "1"]
1.Ng1f3 c5
2.e4 d6
3.d4 cxd4
4.Nf3xd4 Ng8f6
5.Nb1c3 a6
6.Bf1e2 e5
7.Nd4b3 Bc8e6
8.O-O Nb8c6
9.Bc1e3 Bf8e7
10.f4 exf4
11.Be3xf4 O-O
12.Nb3d4 Nc6xd4
13.Qd1xd4 Ra8c8
14.Ra1d1 b5
15.Rd1d2 Be6c4
16.Bf4xd6 Be7xd6
17.Qd4xd6 Qd8xd6
18.Rd2xd6 Bc4xe2
19.Nc3xe2 Nf6xe4
20.Rd6xa6 Rc8xc2
{ time. }
1-0

[Event "Tourn. n9127"]
[Site "www.chess-mail.com"]
[Date "2017.03.22"]
[Round "1"]
[White "Seger"]
[Black "Manolinex"]
[WhiteElo "2840"]
[BlackElo "2880"]
[Result "0-1"]
[Round "1"]
1.c4 e5
2.g3 Nb8c6
3.Bf1g2 Ng8e7
4.Nb1c3 g6
5.d3 Bf8g7
6.h4 d6
7.h5 h6
8.hxg6 fxg6
9.Ng1f3 a5
10.Nf3d2 Nc6d4
11.e3 Nd4e6
12.b3 c6
13.Bc1a3 Ne6g5
14.Nd2e4 Ng5f7
15.O-O O-O
16.d4 exd4
17.exd4 h5
18.Nc3e2 Bc8g4
19.Qd1d3 Bg4xe2
20.Qd3xe2 Ne7f5
21.Ba3b2 Bg7xd4
22.Ra1d1 Bd4xb2
23.Qe2xb2 Nf7g5
24.Ne4xd6 Nf5xd6
25.c5 Rf8f6
26.Qb2a3 Ng5f7
27.Rf1e1 Qd8f8
28.cxd6 Nf7xd6
29.Qa3b2 Nd6f5
30.Qb2e5 Rf6f7
31.Bg2h3 Rf7e7
32.Qe5f4 Re7xe1
33.Rd1xe1 Qf8f7
34.Bh3xf5 Qf7xf5
 { time }
0-1

[Event "Tourn. n9180"]
[Site "www.chess-mail.com"]
[Date "2017.03.22"]
[Round "1"]
[White "Genius7"]
[Black "Francesco"]
[WhiteElo "1890"]
[BlackElo "1970"]
[Result "0-1"]
[Round "1"]
1.e4 c5
2.Ng1f3 d6
3.Bf1b5 Bc8d7
4.Bb5xd7 Nb8xd7
5.d4 Ng8f6
6.Nb1c3 g6
7.O-O Bf8g7
8.d5 O-O
9.Rf1e1 a6
10.a4 Nf6g4
11.h3 Bg7xc3
12.bxc3 Ng4e5
13.Nf3xe5 Nd7xe5
14.Bc1h6 Rf8e8
15.f4 Ne5c4
16.Qd1g4 Qd8c8
17.f5 Nc4e5
18.Qg4g3 b5
19.axb5 axb5
20.fxg6 hxg6
21.Re1f1 Ne5c4
22.Ra1xa8 Qc8xa8
23.Qg3f3 Nc4e5
24.Qf3f4 f6
25.Qf4g3 Kh7
26.Qg3h4 Re8h8
27.Bh6f4 Kg7
28.Qh4f2 Ne5c4
29.Bf4g3 Qa8a3
30.Qf2e1 Qa3b2
31.Rf1f2 Rh8a8
32.Kh2 Ra8a1
33.Qe1e2 Qb2xc3
34.Qe2g4 Qc3e1
35.Bg3h4 Qe1g1
36.Kg3 Nc4e5
37.Qg4e6 Ra1a3
38.Kf4 Qg1h2
{ resign }
0-1

[Event "Tourn. n9281"]
[Site "www.chess-mail.com"]
[Date "2017.03.22"]
[Round "1"]
[White "Azulmarino"]
[Black "Chessington"]
[WhiteElo "1470"]
[BlackElo "1499"]
[Result "0-1"]
[Round "1"]
1.e4 e6
2.e5 c5
3.c4 Nb8c6
4.Ng1f3 Ng8e7
5.d3 Ne7g6
6.Bc1g5 Qd8c7
7.a3 Ng6xe5
8.h3 Ne5xf3
9.Qd1xf3 Qc7e5
10.Bg5e3 Qe5xb2
11.Be3d4 Nc6xd4
12.Qf3d1 Nd4c2
13.Ke2 Nc2xa1
14.Ke1 Na1c2
15.Ke2 Nc2d4
16.Ke3 Nd4f5
17.Kf3 Qb2e5
18.g3 Nf5h4
19.gxh4 Qe5h5
{ resign }
0-1

[Event "Tourn. n9233"]
[Site "www.chess-mail.com"]
[Date "2017.03.22"]
[Round "1"]
[White "Seger"]
[Black "Jose"]
[WhiteElo "2780"]
[BlackElo "2780"]
[Result "0-1"]
[Round "1"]
1.d4 Ng8f6
2.c4 g6
3.Ng1f3 Bf8g7
4.Nb1c3 d6
5.e4 O-O
6.h3 e5
7.d5 Nf6h5
8.g3 f5
9.exf5 gxf5
10.Nf3h4 Nh5f4
11.Bc1e3 Nf4g6
12.Nh4xg6 hxg6
13.Qd1d2 f4
14.gxf4 exf4
15.Be3xf4 Nb8d7
16.O-O-O Qd8h4
17.Bf4g3 Qh4h6
18.Bf1d3 Nd7c5
19.Bd3c2 Qh6h5
20.Rh1e1 Bc8f5
21.Bc2xf5 Qh5xf5
22.b4 Nc5d7
23.Nc3b5 a5
24.Nb5xc7 Ra8c8
25.Bg3xd6 Qf5f6
26.Bd6xf8 Rc8xf8
 { time }
0-1

[Event "Tourn. n9282"]
[Site "www.chess-mail.com"]
[Date "2017.03.22"]
[Round "1"]
[White "Mechjoura"]
[Black "Gambitplayer"]
[WhiteElo "1809"]
[BlackElo "1800"]
[Result "0-1"]
[Round "1"]
1.d4 d5
2.c4 dxc4
3.Qd1a4 c6
4.Qa4xc4 Ng8f6
5.Ng1f3 Bc8e6
6.Qc4d3 g6
7.e4 Bf8g7
 { time }
0-1

[Event "Tourn. n9287"]
[Site "www.chess-mail.com"]
[Date "2017.03.22"]
[Round "1"]
[White "Genius7"]
[Black "Mechjoura"]
[WhiteElo "2000"]
[BlackElo "2129"]
[Result "1-0"]
[Round "1"]
1.c4 g6
2.Nb1c3 Bf8g7
3.d4 a5
4.Ng1f3 d6
5.e4 Nb8c6
6.h3 e5
7.d5 Nc6d4
8.Nf3xd4  { time }
1-0

[Event "Tourn. n9273"]
[Site "www.chess-mail.com"]
[Date "2017.03.22"]
[Round "1"]
[White "Pachi"]
[Black "Cal"]
[WhiteElo "1570"]
[BlackElo "1590"]
[Result "1-0"]
[Round "1"]
1.e4 e5
2.Ng1f3 d6
3.c3 a6
4.d4 exd4
5.Qd1xd4 Ng8f6
6.Bc1g5 Bf8e7
7.e5 Nb8c6
8.Qd4e3 dxe5
9.Nf3xe5 Nf6d5
10.Bg5xe7 Qd8xe7
11.Ne5xc6 bxc6
12.Qe3e2 Bc8e6
13.g3 h6
14.Bf1g2 O-O
15.c4 Nd5b4
16.a3 Rf8e8
17.O-O Qe7c5
18.Nb1d2 Be6xc4
19.Qe2xc4 Qc5xc4
20.Nd2xc4 Re8e6
21.axb4 f5
22.f4 Re6e2
23.Bg2xc6 Re2c2
24.Bc6xa8 { resign }
1-0

[Event "Tourn. n9270"]
[Site "www.chess-mail.com"]
[Date "2017.03.22"]
[Round "1"]
[White "Genius7"]
[Black "Picifarkinca"]
[WhiteElo "1980"]
[BlackElo "1900"]
[Result "0-1"]
[Round "1"]
1.e4 c6
2.d4 d5
3.exd5 cxd5
4.Ng1f3 Ng8f6
5.Bf1b5 Nb8c6
6.O-O Qd8c7
7.Nb1c3 Bc8d7
8.Bb5xc6 Bd7xc6
9.Rf1e1 e6
10.Bc1g5 Bf8e7
11.Nf3e5 O-O
12.Bg5f4 { time. }
0-1

[Event "Tourn. n9282"]
[Site "www.chess-mail.com"]
[Date "2017.03.22"]
[Round "1"]
[White "Falcoale"]
[Black "Mechjoura"]
[WhiteElo "1980"]
[BlackElo "1809"]
[Result "1-0"]
[Round "1"]
1.e4 e5
2.Ng1f3 Nb8c6
3.Bf1c4 Ng8f6
4.d3 Bf8c5
5.O-O d5
6.exd5 Nf6xd5
7.Rf1e1 f6
8.a3 Nd5b6
9.b4  { time }
1-0

[Event "Tourn. n9276"]
[Site "www.chess-mail.com"]
[Date "2017.03.22"]
[Round "1"]
[White "Winston"]
[Black "Autmich"]
[WhiteElo "1810"]
[BlackElo "1700"]
[Result "1-0"]
[Round "1"]
1.e4 c5
2.Ng1f3 d6
3.d4 cxd4
4.Nf3xd4 Ng8f6
5.Nb1c3 a6
6.Bc1g5 e5
7.Bg5xf6 Qd8xf6
8.Nc3d5 Qf6d8
9.Nd4f3 Nb8c6
10.Bf1e2 Bc8e6
11.O-O Bf8e7
12.Nd5xe7 Qd8xe7
13.a3 { resign }
1-0

[Event "Tourn. n9221"]
[Site "www.chess-mail.com"]
[Date "2017.03.22"]
[Round "1"]
[White "Pariolinius"]
[Black "Picifarkinca"]
[WhiteElo "2040"]
[BlackElo "1800"]
[Result "0-1"]
[Round "1"]
1.e4 c6
2.d4 g6
3.Ng1f3 Bf8g7
4.Bf1e2 Ng8f6
5.Nb1c3 d6
6.h3 O-O
7.O-O Nb8d7
8.Bc1f4 Rf8e8
9.Qd1d2 e5
10.Bf4g3 exd4
11.Nf3xd4 Nd7c5
12.b3 Nf6xe4
13.Qd2e1 Ne4xc3
14.Qe1xc3 Re8xe2
15.Ra1e1 Nc5e4
16.Qc3d3 Bg7xd4
17.Qd3xd4 Ne4xg3
18.fxg3 Re2xe1
19.Rf1xe1 Bc8e6
20.c4 d5
21.Qd4e5 Qd8b6
22.Kh2 dxc4
23.bxc4 Be6xc4
24.a3 Bc4e6
25.Qe5f6 Qb6d8
26.Qf6b2 b6
27.Qb2c2 c5
28.Re1d1 Qd8c7
29.Qc2e4 Ra8d8
30.Rd1e1 Rd8d4
31.Qe4a8 Kg7
32.Qa8f3 Qc7d6
33.Qf3e2 Rd4d2
34.Qe2e3 Qd6d5
35.Qe3c3 Kg8
36.Re1g1 Be6xh3
{ resign }
0-1

[Event "Match"]
[Site "www.echecsemail.com"]
[Date "2017.03.22"]
[Round "1"]
[White "Pariolinius"]
[Black "Coraza8091"]
[WhiteElo "2000"]
[BlackElo "1570"]
[Result "1-0"]
[Round "1"]
1.Ng1f3 b6
2.g3 Bc8b7
3.Bf1g2 Ng8f6
4.O-O Bb7xf3
5.Bg2xf3 c6
6.Nb1c3 g6
7.d4 Bf8g7
8.e3 O-O
9.b3 d5
10.Bc1a3 Rf8e8
11.Qd1d2 Bg7h6
12.Rf1e1 b5
13.Ba3b2 Qd8d7
14.a4 e5
15.dxe5 Nf6e4
16.Nc3xe4 Qd7h3
17.Ne4f6 Kf8
18.Bf3g4 Bh6xe3
19.Qd2xe3 Qh3xg4
20.Nf6xg4 f5
21.Qe3h6 Ke7
22.Ng4f6 Re8f8
23.Qh6xh7 Rf8f7
24.Qh7xg6 Nb8a6
25.Nf6g8 Kf8
26.e6 Rf7e7
27.Ng8xe7 Kxe7
28.Qg6f7 Kd6
29.e7 Na6c7
30.Bb2a3 c5
31.Qf7f6 Kd7
32.Qf6xf5 Ke8
33.Ba3xc5 { resign }
1-0

[Event "Match"]
[Site "www.echecsemail.com"]
[Date "2017.03.22"]
[Round "1"]
[White "Azulmarino"]
[Black "Sagara1977"]
[WhiteElo "1450"]
[BlackElo "1580"]
[Result "1-0"]
[Round "1"]
1.e4 e5
2.Ng1f3 Qd8f6
3.Bf1e2 Bf8c5
4.d3 Ng8h6
5.h3 Nb8c6
6.Bc1g5 Qf6e6
7.Nb1c3 f5
8.Nc3b5 Bc5b6
9.Bg5e3 Bb6a5
10.Be3d2 Ba5xd2
11.Qd1xd2 Kd8
12.Nf3g5 Qe6g6
13.Rh1g1 a6
14.Nb5c3 f4
15.Ng5f3 Nc6d4
16.Nf3xe5 Qg6f6
17.Ne5f3 d6
18.Nc3d5 Qf6f7
19.Nf3xd4 c6
20.Nd5b6 Ra8b8
21.f3 Qf7h5
22.Qd2xf4 Rh8e8
23.Qf4xd6 Bc8d7
24.Qd6xb8 Ke7
25.Qb8c7 Kf8
26.Nb6xd7 Kg8
27.f4 Qh5h4
28.Kd1 Qh4f2
29.Rg1e1 Qf2xd4
30.Be2h5 g6
31.e5 Re8e7
32.Qc7d8 Kf7
33.Qd8f8 Ke6
34.Bh5g4 Nh6f5
35.Qf8c8 Re7xd7
36.Re1e4 Qd4b6
37.Bg4xf5 gxf5
38.Re4e1 Qb6d4
39.Qc8g8 Ke7
40.e6 Rd7d8
41.Qg8f7 Kd6
42.e7 Kc7
43.e8Q Rd8d7
44.Qf7xf5 Qd4xb2
45.Qe8xd7 { resign }
1-0

[Event "Match"]
[Site "www.echecsemail.com"]
[Date "2017.03.22"]
[Round "1"]
[White "Billyg"]
[Black "Orae"]
[WhiteElo "1710"]
[BlackElo "1710"]
[Result "0-1"]
[Round "1"]
1.e4 e5
2.Ng1f3 Nb8c6
3.Bf1b5 Nc6d4
4.Nf3xd4 exd4
5.O-O c6
6.Bb5c4 b5
7.Bc4b3 c5
8.Qd1f3 Qd8f6
9.Qf3xf6 Ng8xf6
10.h3 c4
11.Bb3xc4 bxc4
12.Rf1e1 Bf8e7
13.c3 d3
14.b4 Bc8b7
15.f3 a5
16.Bc1a3 O-O
17.bxa5 Be7xa3
18.Nb1xa3 Bb7a6
19.Na3xc4 Ba6xc4
20.e5 Nf6h5
21.Kh2 Ra8xa5
22.Re1e4 Bc4d5
23.Re4d4 Bd5e6
24.Rd4xd3 Ra5xe5
25.a4 Nh5f4
26.Rd3d6 Re5e2
27.Ra1g1 Be6xh3
{ resign }
0-1

[Event "Match"]
[Site "www.echecsemail.com"]
[Date "2017.03.22"]
[Round "1"]
[White "Coolant"]
[Black "Genius7"]
[WhiteElo "1929"]
[BlackElo "1890"]
[Result "1-0"]
[Round "1"]
1.Nb1c3 e5
2.Ng1f3 d6
3.e4 Nb8c6
4.Bf1b5 Bc8d7
5.d4 exd4
6.Nf3xd4 Ng8f6
7.O-O Bf8e7
8.Bc1g5 Nc6xd4
9.Qd1xd4 a6
10.Bb5d3 O-O
11.Ra1d1 Bd7c6
12.Rf1e1 Nf6d7
13.Bg5xe7 Qd8xe7
14.f4 Nd7c5
15.Nc3d5 Bc6xd5
16.exd5 Qe7d8
17.Re1e3 Rf8e8
18.Re3g3 g6
19.f5 Nc5xd3
20.Rd1xd3 Re8e5
21.fxg6 hxg6
22.Rd3e3 Re5xe3
23.Rg3xe3 Qd8d7
24.Re3h3 { resign }
1-0

[Event "Match"]
[Site "www.echecsemail.com"]
[Date "2017.03.22"]
[Round "1"]
[White "Billyg"]
[Black "Mechjoura"]
[WhiteElo "1730"]
[BlackElo "1809"]
[Result "1-0"]
[Round "1"]
1.e4 c6
2.d4 e5
3.dxe5 Qd8a5
4.Bc1d2 Qa5xe5
5.Qd1c1 Qe5xe4
6.Ng1e2 d5
7.Nb1c3 Qe4e7
8.Nc3d1 Ng8f6
9.Bd2g5  { time }
1-0

[Event "Match"]
[Site "www.echecsemail.com"]
[Date "2017.03.22"]
[Round "1"]
[White "Iko"]
[Black "Sonny1000"]
[WhiteElo "1690"]
[BlackElo "1320"]
[Result "1-0"]
[Round "1"]
1.e4 e5
2.Ng1f3 f6
3.Nf3xe5 fxe5
4.Qd1h5 Ke7
5.Qh5xe5 Kf7
6.Bf1c4 Kg6
7.Qe5f5 Kh6
8.d3 g5
9.h4 Kg7
10.Qf5f7 Kh6
11.hxg5 { resign }
1-0

[Event "Match"]
[Site "www.echecsemail.com"]
[Date "2017.03.22"]
[Round "1"]
[White "Juodivarnai"]
[Black "Chapi"]
[WhiteElo "2140"]
[BlackElo "2050"]
[Result "0-1"]
[Round "1"]
1.e4 c5
2.Ng1f3 Nb8c6
3.Bf1b5 d6
4.O-O Bc8d7
5.c3 a6
6.Bb5xc6 Bd7xc6
7.Rf1e1 g6
8.d4 Bf8g7
9.Nb1d2 Qd8b6
10.Nd2f1 Ng8f6
11.Nf1g3 O-O
12.Bc1e3 Qb6xb2
13.dxc5 Nf6xe4
14.cxd6 Ne4xc3
15.Qd1d3 Rf8d8
16.Nf3d4 Rd8xd6
17.Qd3c4 Nc3b5
18.Nd4xb5 Bc6xb5
19.Qc4e4 Rd6d7
20.a4 Bb5c6
21.Qe4c4 Ra8d8
22.Ra1b1 Qb2c3
23.Qc4f4 e5
24.Qf4h4 f5
25.Ng3e2 Qc3c2
26.a5 Rd7d1
27.Rb1xd1 Rd8xd1
28.f3 Qc2xe2
{ resign }
0-1